A Grain of Wheat (Record no. 4691)

MARC details
000 -LEADER
fixed length control field 00486nam a22001577a 4500
008 - FIXED-LENGTH DATA ELEMENTS--GENERAL INFORMATION
fixed length control field 260423b |||||||| |||| 00| 0 eng d
020 ## - INTERNATIONAL STANDARD BOOK NUMBER
ISBN 9780435913564
100 ## - MAIN ENTRY--AUTHOR
Author Ngũgĩ wa Thiong’o
245 ## - TITLE STATEMENT
Title A Grain of Wheat
260 ## - PUBLICATION, DISTRIBUTION, ETC. (IMPRINT)
Place of publication London
Name of publisher Pearson Education Limited
Date of publication 2008
300 ## - COLLATION
Pagination viii, 267p.
650 ## - TRACINGS
Main Subject English Literature
Subdivision (1st) African literature in English
Subdivision (2nd) Anti-colonial struggle and nationalism—Fiction
942 ## - ADDED ENTRY ELEMENTS (KOHA)
Item type Books
050 ## - LIBRARY OF CONGRESS CALL NUMBER
Classification number PR9387.9
Item number .N48
Holdings
Source of classification or shelving scheme Not for loan Permanent location Current location Date acquired Accession No. Full call number Barcode. Koha item type
Library of Congress Classification   Samuel Ogbemudia Main Library, University of Abuja Samuel Ogbemudia Main Library, University of Abuja 04/23/2026 2026/71832-34 PR9387.9 .N48 2026-0184 Books